[Event "EYCC 2024 - O14"]
[Site "?"]
[Date "2024.08.28"]
[Round "6.15"]
[White "Mahmudzade, Yunis"]
[Black "Vassis, Michail"]
[Result "1-0"]
[BlackElo "2186"]
[WhiteElo "1962"]
[LiveChessVersion "1.4.8"]

1. d4 {[%clk 1:30:54]} Nf6 {[%clk 1:30:45]} 2. Nf3 {[%clk 1:31:16]} g6
{[%clk 1:31:07]} 3. c4 {[%clk 1:31:05]} Bg7 {[%clk 1:31:30]} 4. Nc3
{[%clk 1:31:27]} d6 {[%clk 1:31:51]} 5. Bg5 {[%clk 1:31:46]} h6 {[%clk 1:32:13]}
6. Bh4 {[%clk 1:32:07]} g5 {[%clk 1:32:36]} 7. Bg3 {[%clk 1:32:28]} Nh5
{[%clk 1:33:04]} 8. e3 {[%clk 1:32:38]} c5 {[%clk 1:33:03]} 9. Be2
{[%clk 1:29:07]} Nxg3 {[%clk 1:33:19]} 10. hxg3 {[%clk 1:29:17]} cxd4
{[%clk 1:33:37]} 11. Nxd4 {[%clk 1:27:17]} Nc6 {[%clk 1:33:53]} 12. Rc1
{[%clk 1:23:11]} Bd7 {[%clk 1:33:30]} 13. a3 {[%clk 1:22:50]} Nxd4
{[%clk 1:22:36]} 14. exd4 {[%clk 1:23:18]} Bc6 {[%clk 1:22:46]} 15. d5
{[%clk 1:20:50]} Bd7 {[%clk 1:23:15]} 16. Bd3 {[%clk 1:19:03]} Rc8
{[%clk 1:21:22]} 17. Qe2 {[%clk 1:17:08]} Qb6 {[%clk 1:16:13]} 18. O-O
{[%clk 1:17:14]} h5 {[%clk 1:15:51]} 19. Rfe1 {[%clk 1:17:09]} Be5
{[%clk 1:14:42]} 20. Ne4 {[%clk 1:09:08]} Bg4 {[%clk 1:08:55]} 21. Qd2
{[%clk 1:02:39]} f6 {[%clk 1:06:23]} 22. c5 {[%clk 0:55:15]} dxc5
{[%clk 0:34:50]} 23. d6 {[%clk 0:53:07]} h4 {[%clk 0:30:02]} 24. dxe7
{[%clk 0:45:52]} Kxe7 {[%clk 0:27:42]} 25. Bc4 {[%clk 0:37:41]} Rcd8
{[%clk 0:23:13]} 26. Qc2 {[%clk 0:34:50]} Bf5 {[%clk 0:19:57]} 27. g4
{[%clk 0:33:37]} Bg6 {[%clk 0:19:20]} 28. Bd3 {[%clk 0:30:36]} Qc6
{[%clk 0:19:07]} 29. Qe2 {[%clk 0:25:28]} Bxe4 {[%clk 0:06:12]} 30. Bxe4
{[%clk 0:25:50]} Qc7 {[%clk 0:05:29]} 31. Bg6 {[%clk 0:24:50]} Rd4
{[%clk 0:05:30]} 32. Qf3 {[%clk 0:23:44]} Rf8 {[%clk 0:05:41]} 33. b3
{[%clk 0:22:24]} b6 {[%clk 0:05:56]} 34. Re3 {[%clk 0:21:12]} Rfd8
{[%clk 0:04:26]} 35. Rce1 {[%clk 0:21:32]} Rf4 {[%clk 0:04:44]} 36. Qe2
{[%clk 0:21:53]} Rd5 {[%clk 0:04:52]} 37. Be4 {[%clk 0:20:41]} Rd8
{[%clk 0:05:02]} 38. Bf3 {[%clk 0:16:52]} Rfd4 {[%clk 0:05:17]} 39. Qc2
{[%clk 0:17:21]} Kf8 {[%clk 0:04:01]} 40. Be2 {[%clk 0:15:56]} Rd2
{[%clk 0:04:18]} 41. Qf5 {[%clk 0:15:48]} Bd4 {[%clk 0:03:39]} 42. Rd3
{[%clk 0:06:01]} Rxd3 {[%clk 0:03:12]} 43. Bxd3 {[%clk 0:06:04]} Qf4
{[%clk 0:03:23]} 44. Qxf4 {[%clk 0:06:02]} gxf4 {[%clk 0:03:51]} 45. Bc4
{[%clk 0:05:30]} Bc3 {[%clk 0:04:12]} 46. Rc1 {[%clk 0:05:03]} Bb2
{[%clk 0:04:37]} 47. Re1 {[%clk 0:05:20]} Rd2 {[%clk 0:04:45]} 48. a4
{[%clk 0:03:53]} Bd4 {[%clk 0:05:09]} 49. Re2 {[%clk 0:04:02]} Rd1+
{[%clk 0:05:21]} 50. Kh2 {[%clk 0:04:26]} Be5 {[%clk 0:05:04]} 51. f3
{[%clk 0:04:48]} Bd4 {[%clk 0:05:27]} 52. g5 {[%clk 0:03:19]} fxg5
{[%clk 0:05:00]} 53. Re6 {[%clk 0:03:08]} g4 {[%clk 0:05:09]} 54. fxg4
{[%clk 0:03:36]} Bf2 {[%clk 0:04:08]} 55. g5 {[%clk 0:03:52]} Bg3+
{[%clk 0:02:57]} 56. Kh3 {[%clk 0:04:20]} Rd7 {[%clk 0:02:10]} 57. Kg4
{[%clk 0:04:01]} Kg7 {[%clk 0:01:10]} 58. Re8 {[%clk 0:04:01]} Kh7
{[%clk 0:00:39]} 59. Kh5 {[%clk 0:04:13]} f3 {[%clk 0:00:46]} 60. Rg8
{[%clk 0:02:25]} Rg7 {[%clk 0:01:06]} 61. Rd8 {[%clk 0:02:06]} Re7
{[%clk 0:01:15]} 62. Bd3+ {[%clk 0:01:41]} Kg7 {[%clk 0:01:43]} 63. Bc4
{[%clk 0:01:53]} Re5 {[%clk 0:01:36]} 64. Rd7+ {[%clk 0:02:04]} Kf8
{[%clk 0:02:00]} 65. Rf7+ {[%clk 0:02:32]} Ke8 {[%clk 0:02:10]} 66. Rxf3
{[%clk 0:03:01]} Re7 {[%clk 0:02:17]} 67. g6 {[%clk 0:03:09]} Be5
{[%clk 0:02:27]} 68. Kxh4 {[%clk 0:03:29]} Bb2 {[%clk 0:02:44]} 69. Bb5+
{[%clk 0:03:40]} Kd8 {[%clk 0:03:10]} 70. Rf8+ {[%clk 0:03:56]} Kc7
{[%clk 0:03:34]} 71. Kh5 {[%clk 0:03:56]} Kd6 {[%clk 0:03:48]} 72. Rg8
{[%clk 0:04:11]} Rg7 {[%clk 0:03:45]} 73. Re8 {[%clk 0:04:06]} Rc7
{[%clk 0:03:32]} 74. Bc4 {[%clk 0:04:13]} Re7 {[%clk 0:03:42]} 75. Rg8
{[%clk 0:04:24]} Rc7 {[%clk 0:00:54]} 76. Bf7 {[%clk 0:04:35]} Ke7
{[%clk 0:01:15]} 77. Re8+ {[%clk 0:04:49]} Kf6 {[%clk 0:01:36]} 78. g4
{[%clk 0:05:16]} c4 {[%clk 0:01:11]} 79. g5+ {[%clk 0:05:36]} Kf5
{[%clk 0:01:40]} 80. bxc4 {[%clk 0:05:44]} Kf4 {[%clk 0:01:46]} 81. Kh6
{[%clk 0:05:52]} Rc5 {[%clk 0:02:11]} 82. Rf8 {[%clk 0:06:06]} Kg4
{[%clk 0:02:19]} 83. Bd5 {[%clk 0:05:52]} a6 {[%clk 0:02:17]} 84. g7
{[%clk 0:04:28]} Bxg7+ {[%clk 0:02:39]} 85. Kxg7 {[%clk 0:04:56]} b5
{[%clk 0:02:52]} 86. g6 {[%clk 0:05:25]} bxa4 {[%clk 0:03:13]} 87. Kh7
{[%clk 0:05:45]} Rc7+ {[%clk 0:03:23]} 88. g7 {[%clk 0:06:09]} a3
{[%clk 0:03:40]} 89. Kh8 {[%clk 0:06:36]} 1-0

[Event "EYCC 2024 - O14"]
[Site "?"]
[Date "2024.08.28"]
[Round "6.16"]
[White "Grooten, Tommy"]
[Black "Battistelli, Fausto"]
[Result "1/2-1/2"]
[BlackElo "2011"]
[WhiteElo "2146"]
[LiveChessVersion "1.4.8"]

1. d4 {[%clk 1:30:28]} Nf6 {[%clk 1:30:48]} 2. c4 {[%clk 1:30:46]} g6
{[%clk 1:31:07]} 3. Nc3 {[%clk 1:31:03]} Bg7 {[%clk 1:31:31]} 4. e4
{[%clk 1:31:26]} d6 {[%clk 1:31:54]} 5. Nf3 {[%clk 1:31:49]} O-O {[%clk 1:32:11]}
6. Be2 {[%clk 1:32:12]} e5 {[%clk 1:32:34]} 7. d5 {[%clk 1:32:37]} a5
{[%clk 1:32:13]} 8. Be3 {[%clk 1:32:53]} Ng4 {[%clk 1:31:16]} 9. Bg5
{[%clk 1:33:14]} f6 {[%clk 1:30:56]} 10. Bh4 {[%clk 1:33:37]} h5 {[%clk 1:31:11]}
11. Nd2 {[%clk 1:27:37]} Nh6 {[%clk 1:26:59]} 12. f3 {[%clk 1:21:59]} Na6
{[%clk 1:11:17]} 13. a3 {[%clk 1:18:34]} Bd7 {[%clk 1:11:14]} 14. Rb1
{[%clk 1:16:54]} Nc5 {[%clk 0:55:44]} 15. b4 {[%clk 1:16:46]} axb4
{[%clk 0:54:39]} 16. axb4 {[%clk 1:17:05]} Na4 {[%clk 0:55:04]} 17. Nxa4
{[%clk 1:17:20]} Bxa4 {[%clk 0:54:48]} 18. Qc1 {[%clk 1:17:37]} b5
{[%clk 0:36:40]} 19. c5 {[%clk 1:10:53]} g5 {[%clk 0:29:38]} 20. Bf2
{[%clk 1:11:04]} Qe8 {[%clk 0:20:06]} 21. h3 {[%clk 1:09:40]} Qg6
{[%clk 0:19:51]} 22. g4 {[%clk 1:08:45]} Rfc8 {[%clk 0:19:11]} 23. c6
{[%clk 1:02:43]} Qe8 {[%clk 0:17:27]} 24. Nf1 {[%clk 0:58:56]} h4
{[%clk 0:13:01]} 25. Ne3 {[%clk 0:57:54]} Nf7 {[%clk 0:13:10]} 26. Nf5
{[%clk 0:56:53]} Nh8 {[%clk 0:13:32]} 27. Be3 {[%clk 0:56:40]} Qd8
{[%clk 0:12:40]} 28. Kd2 {[%clk 0:55:39]} Ng6 {[%clk 0:12:57]} 29. Qc3
{[%clk 0:55:29]} Nf4 {[%clk 0:13:10]} 30. Bxf4 {[%clk 0:55:45]} exf4
{[%clk 0:13:20]} 31. Ra1 {[%clk 0:56:03]} Ra6 {[%clk 0:12:48]} 32. Ra3
{[%clk 0:56:17]} Rca8 {[%clk 0:13:10]} 33. Rha1 {[%clk 0:56:40]} Qb8
{[%clk 0:12:03]} 34. Qd4 {[%clk 0:53:42]} Kf7 {[%clk 0:10:24]} 35. Bd3
{[%clk 0:52:45]} Kf8 {[%clk 0:09:40]} 36. Ke2 {[%clk 0:52:17]} Bd1+
{[%clk 0:09:44]} 37. Rxd1 {[%clk 0:51:02]} Rxa3 {[%clk 0:10:10]} 38. Rd2
{[%clk 0:50:39]} Ra1 {[%clk 0:09:28]} 39. e5 {[%clk 0:47:26]} fxe5
{[%clk 0:03:11]} 40. Qe4 {[%clk 0:46:14]} Bh8 {[%clk 0:00:31]} 41. Ne7
{[%clk 0:43:53]} Kxe7 {[%clk 0:00:31]} 42. Qh7+ {[%clk 0:44:17]} Kf6
{[%clk 0:00:44]} 43. Qg6+ {[%clk 0:44:42]} Ke7 {[%clk 0:01:10]} 44. Qe6+
{[%clk 0:45:01]} Kf8 {[%clk 0:01:27]} 45. Bg6 {[%clk 0:45:12]} Qe8
{[%clk 0:01:45]} 46. Bxe8 {[%clk 0:45:38]} Rxe8 {[%clk 0:02:11]} 47. Qf5+
{[%clk 0:45:04]} Kg8 {[%clk 0:02:18]} 48. Qxg5+ {[%clk 0:44:49]} Bg7
{[%clk 0:02:47]} 49. Qg6 {[%clk 0:43:55]} Rea8 {[%clk 0:03:01]} 50. Qe6+
{[%clk 0:43:57]} Kh8 {[%clk 0:03:20]} 51. Qd7 {[%clk 0:43:37]} Rh1
{[%clk 0:03:14]} 52. Kd3 {[%clk 0:39:49]} Re1 {[%clk 0:03:39]} 53. Kc2
{[%clk 0:32:59]} Ra2+ {[%clk 0:03:41]} 54. Kb3 {[%clk 0:33:22]} Rxd2
{[%clk 0:03:43]} 55. Qd8+ {[%clk 0:33:46]} Kh7 {[%clk 0:03:56]} 56. Qxh4+
{[%clk 0:34:09]} Kg8 {[%clk 0:04:20]} 57. Qxe1 {[%clk 0:34:33]} Rd3+
{[%clk 0:04:40]} 58. Kc2 {[%clk 0:34:22]} Rxf3 {[%clk 0:04:59]} 59. Qe4
{[%clk 0:32:44]} Rxh3 {[%clk 0:03:52]} 60. Qf5 {[%clk 0:32:56]} f3
{[%clk 0:02:56]} 61. Qe6+ {[%clk 0:32:32]} Kh8 {[%clk 0:03:02]} 62. Qc8+
{[%clk 0:32:53]} Kh7 {[%clk 0:03:25]} 63. Qf5+ {[%clk 0:33:19]} Kg8
{[%clk 0:03:47]} 64. Qe6+ {[%clk 0:33:46]} Kh8 {[%clk 0:04:10]} 65. Qc8+
{[%clk 0:34:13]} Kh7 {[%clk 0:04:36]} 66. Qf5+ {[%clk 0:34:39]} 1/2-1/2